000 02767nam a2200349 i 4500
001 15624
003 ES-MaACL
005 20251013063042.0
007 t|
008 000406e1999 sp a |r 00110|spa
017 _aB 27455-1999
_bOficina Depósito Legal Barcelona
020 _a8476517688
040 _cES-MaACL
080 _a398.4(4)"4/14"
100 1 _aLecouteux, Claude,
_d1943-
_eaut
_971114
245 1 0 _aDemonios y genios comarcales en la Edad Media /
_cClaude Lecouteux ; prefacio de Régis Boyer ; [traducción de Plácido de Prada]
260 _aPalma de Mallorca :
_bJosé J. de Olañeta,
_c[1999]
300 _a195 páginas :
_bilustraciones (color) ;
_c21 cm
490 1 _aMedievalia (Olañeta) ;
_v8
500 _aÍndice
520 _aEn este fascinante estudio Lecouteux investiga las creencias existentes en la Edad Media -y que han sobrevivido en el medio rural- sobre los genios que habitan en cada lugar y que han dado pie a innumerables leyendas en toda Europa. Los genios del lugar formaban parte de los elementos reguladores de la vida de nuestros antepasados y -como dice el autor- nos han legado una ley esencial: el hombre debe vivir en simbiosis con la naturaleza que le rodea y tratarla como a un ser vivo. En el seno de una naturaleza salvaje, indomada, el hombre, expuesto a peligros invisibles, se ha sentido durante mucho tiempo como un intruso, un usurpador. Toda instalación, toda colonización, fue primero una conquista frente a una presencia primitiva y sobrenatural, casi siempre amenazadora: la de los demonios y genios del lugar. Escrutando las tradiciones populares, las sagas y los relatos, Lecouteux, eminente especialista en la Edad Media, descubre las huellas del miedo arcaico ante las criaturas sin nombre que frecuentan los espacios vírgenes. En el origen de numerosos ritos Lecouteux identifica la voluntad de conjurar peligros y terrores, de hacer propicio al genio y de organizar, en lugares precisos, su coexistencia con el hombre. Este libro notable arroja luz, así, sobre el papel primordial de los lugares en la elaboración de muchas creencias, y pone al descubierto la raíz de un antiguo respeto a la naturaleza que entronca con nuestras preocupaciones ecológicas más actuales
534 _aTraducción de: Démons et génies du terroir au Moyen Age
650 7 _aDemonología
_911589
_2embne
700 1 _aBoyer, Régis,
_d1932-
_eaui
_931188
700 1 _aPrada, Plácido de
_etrl
_9241828
700 1 _aOlañeta, José J. de
_eedt
_9241829
830 0 _aMedievalia (Olañeta) ;
_v8
_9179804
852 _aES-MaACL
_cDEPO2
_jL-22716
_bR.128013
_915989
942 _cMONOGRAFIA
_n0
999 _c15624
_d15624